=LDR 00000nam 2200000 4500 =001 INLIS000000000025572 =005 20201008112524 =035 ##$$a 0010-061300000025572 =008 201008################g##########0#ind## =041 ##$$a Ind =082 ##$$a 307.095 985 32 =090 ##$$a 307.095 985 32, Pen p =245 ##$$a Pengaruh intensifikasi pertanian terhadap kehidupan masyarakat Sasak di Kebupaten Lombok Tengah Nusa Tenggara Barat =260 ##$$a Jakarta :$b Depdikbud,$c 1995 =300 ##$$a xii,90 hlm, : $b ilus, ; $c 15 x 23 cm =650 #4$$a Kehidupan Sosial - Lombok Tengah =850 ##$$a NBPNMAT =084 ##$$a 307.095 985 32 PEN =250 ##$$a cet.1 =700 #$$a Dra. Mc. Supratpti =990 ##$$a 00052029